Catálogo
 En Linea

Informe Final : (Registro nro. 13767)

Detalles MARC
000 -CABECERA
campo de control de longitud fija 00778nam a2200169 a 4500
001 - NÚMERO DE CONTROL
campo de control 000014166
005 - FECHA Y HORA DE LA ÚLTIMA TRANSACCIÓN
campo de control 20200929163512.0
008 - DATOS DE LONGITUD FIJA--INFORMACIÓN GENERAL
campo de control de longitud fija 091207s1972 dr 000 0 spa d
040 ## - FUENTE DE LA CATALOGACIÓN
Centro catalogador/agencia de origen DO-SdBNP
Lengua de catalogación spa
Centro/agencia transcriptor BNPHU
082 ## - NÚMERO DE LA CLASIFICACIÓN DECIMAL DEWEY
Número de clasificación xxx
Número de documento/Ítem P953
049 ## - FONDOS LOCALES (OCLC)
Fondos de biblioteca BNPD
111 2# - ENTRADA PRINCIPAL--NOMBRE DE CONGRESO/REUNIÓN
Nombre de congreso/reunión o jurisdicción como elemento de entrada Reunión del grupo de trabajo regional interamericano sobre desarrollo de la comunidad de los países del Caribe
Número del congreso/reunión o número de parte o sección (1a :
Fecha del congreso/reunión 3-9 may. 1972 :
Sede del congreso/Lugar de la reunión Santo Domingo)
9 (RLIN) 32015
245 10 - MENCIÓN DE TÍTULO
Título Informe Final :
Resto del título Primera reunión del grupo de trabajo regional interamericano sobre desarrollo de la comunidad de los países del Caribe.
260 ## - PUBLICACIÓN, DISTRIBUCIÓN, ETC.
Lugar de publicación, distribución, etc. Santo Domingo :
Nombre del editor, distribuidor, etc. [ s.n.],
Fecha de publicación, distribución, etc. 1972.
300 ## - DESCRIPCIÓN FÍSICA
Extensión 67 p. ;
Dimensiones 24 cm.
500 ## - NOTA GENERAL
Nota general Países Participantes: Haití, Jamaica, Puerto rico, Estado Unidos, Trinidad-Tobago, República Dominicana
Existencias
Estado de retiro Estado de pérdida Restricciones de uso No para préstamo Código de colección Localización permanente Ubicación/localización actual Ubicación en estantería Fecha de adquisición Número de inventario Total de préstamos Signatura topográfica completa Código de barras Fecha visto por última vez Número de copia Precio válido a partir de Tipo de ítem Koha
        Dominicana de Servicio General General En catalogación 07.12.2009 LF1   xxx P953 14166-30 25.06.2020 e. 4 25.06.2020 Libro y Folleto Colección Dominicana de Servicio
        Dominicana de Servicio General General En catalogación 07.12.2009 LF1   xxx P953 14166-40 25.06.2020 e. 3 25.06.2020 Libro y Folleto Colección Dominicana de Servicio
      Excluido de préstamo Patrimonio Dominicano Patrimonio Dominicano Patrimonio Dominicano En catalogación 07.12.2009 LF1   xxx P953 14166-10 25.06.2020   25.06.2020 Libro y Folleto Colección Patrimonio Dominicano
      Excluido de préstamo Patrimonio Dominicano Patrimonio Dominicano Patrimonio Dominicano En catalogación 07.12.2009 LF1   xxx P953 14166-20 25.06.2020 e. 2 25.06.2020 Libro y Folleto Colección Patrimonio Dominicano

Con tecnología Koha